Gestión e Innovación Empresarial. Del aula al mundo 2005-2013.
Bewaard in:
| Hoofdauteur: | |
|---|---|
| Andere auteurs: | , , , , |
| Formaat: | Boek |
| Gepubliceerd in: |
Valparaíso, Chile:
Pontificia Universidad Católica de Valparaíso,
2014.
|
| Onderwerpen: | |
| Tags: |
Voeg label toe
Geen labels, Wees de eerste die dit record labelt!
|
MARC
| LEADER | 00000nam a22000007a 4500 | ||
|---|---|---|---|
| 003 | CL-VaPUC | ||
| 005 | 20231011164606.0 | ||
| 008 | 221102t2014 ||||| |||| 00| 0 eng d | ||
| 999 | |c 439245 |d 439243 | ||
| 040 | |c Pontificia Universidad Católica de Valparaíso | ||
| 082 | 0 | 4 | |2 22 |a 658.40630983 LAU 2014 |
| 100 | 1 | |a Laux, Lena |e editora |9 878158 | |
| 245 | 1 | 0 | |a Gestión e Innovación Empresarial. |b Del aula al mundo 2005-2013. |
| 260 | |a Valparaíso, Chile: |b Pontificia Universidad Católica de Valparaíso, |c 2014. | ||
| 300 | |a 100 páginas. | ||
| 500 | |a c.FHP. Donación Fernando Vergara Biblioteca Budge. c.1. Donación Escuela de Negocios de Economía. Memo 05/2022. c.2. Donación Rectoría 2022. | ||
| 583 | |c 20221102 |k Catalogador Asistente | ||
| 650 | 1 | |a Gestión de empresas |z Chile |9 878253 | |
| 650 | 1 | |a Innovación de producto |x Chile |9 878256 | |
| 650 | 1 | |a Innovación de empresas |x Chile |9 878257 | |
| 650 | 1 | |a Emprendedores |z Chile |9 878255 | |
| 700 | |a Marcic, Yerko |e editor |9 878159 | ||
| 700 | |a Narváez, Nicolás |e editor |9 878160 | ||
| 700 | |a Pérez, Ignacio |e editor |9 878161 | ||
| 700 | |a Peña, Andrés |e editor |9 878162 | ||
| 700 | |a Schofield, Matías |e editor |9 878163 | ||
| 942 | |2 ddc |c BK | ||
| 952 | |0 0 |1 0 |2 ddc |4 0 |6 658_406309830000000_LAU_2014 |7 0 |8 X |9 587541 |a FDOBUD |b FDOBUD |d 2022-11-02 |e Donación |i 5655437 |o 658.40630983 LAU 2014 |p 5655437 |r 2022-11-02 |w 2022-11-02 |y BK_X |k FHP | ||
| 952 | |0 0 |1 0 |2 ddc |4 0 |6 658_406309830000000_LAU_2014 |7 0 |8 A |9 588402 |a BIBENE |b BIBENE |c GEN |d 2022-12-21 |e Donación |i 5656206 |o 658.40630983 LAU 2014 |p 5656206 |r 2025-01-15 |t 1 |w 2022-12-21 |y BK |k ICO | ||
| 952 | |0 0 |1 0 |2 ddc |4 0 |6 658_406309830000000_LAU_2014 |7 0 |8 A |9 591918 |a BIBENE |b BIBENE |c GEN |d 2023-10-11 |e Donación |i 5659024 |o 658.40630983 LAU 2014 |p 5659024 |r 2025-01-15 |t 2 |w 2023-10-11 |y BK |k ICO | ||